000 01830nam a2200349 a 4500
003 DO-SdBPM
005 20260114081515.0
007 ta
008 220825e2022 dr ||||er|||| 000 0dspa d
020 _a9789945100662
040 _aDO-SdBPM
_bspa
_cBPMSU
_erda
041 _a
082 4 _a028.9
_bS787i 2022
_222
100 1 _aStanley, Avelino,
_d1959-
_eautor
_4aut.
245 1 0 _aImportancia de la lectura para los estudiantes. /
_cAvelino Stanley
250 _aPrimera edición
264 _aSanto Domingo :
_bCocolo editorial,
_c2022.
300 _a71 páginas ;
_c23 cm.
336 _atexto
_btxt
_2rdacontent
337 _asin mediación
_bn
_2rdamedia
338 _avolumen
_bnc
_2rdacarrier
500 _aIncluye datos biográficos del autor en la contracubierta.
500 _aIncluye referencias bibliográficas y notas al pié de las páginas.
505 0 _aPresentación.
_tPrecisión introductoria.--
_tAspectos de la realidad de los estudiantes.--
_tAportes importantes de la lectura a los estudiantes.--
_tLa lectura antes y después de entrar a la universidad.--
_t¿Qué cantidad de libros debe leer un estudiante?.--
_t¿Cuáles libros deben leer los estudiantes?.--
_tLibros y autores recomendados.--
520 _aImportancia de la lectura para los estudiantes tiene el propósito de tocar de manera individual a cada estudiante. Para que cree conciencia de la importancia que tiene ponerle atención a su formación individual. Para que se dé cuenta de que su calidad educativa puede encontrar realización vinculándose al mundo de la lectura.
590 _aInventariado 2022 / VM
650 7 _a Promoción a la lectura
_zRepública Dominicana
650 7 _aEnseñanza en comprensión de lectura
_x
650 7 _aLibros y lectura
910 _aVMateo V. Control de calidad. BPMSU
942 _2ddc
_cBK
999 _c15596
_d15596